[Event "Reykjavik op"]
[Site "Reykjavik"]
[Date "2024.03.19"]
[Round "7"]
[White "Steingrimsson, Hedinn"]
[Black "Kistrup, Nicolai"]
[Result "1-0"]
[WhiteElo "2477"]
[BlackElo "2324"]
[PlyCount "125"]
[EventDate "2024.03.15"]
[EventType "swiss"]
[EventRounds "9"]
[EventCountry "ISL"]
[SourceTitle "CB13_2024"]
[SourceDate "2024.03.27"]
[SourceVersion "1"]
[SourceVersionDate "2024.03.27"]
[SourceQuality "1"]

1. c4 e5 2. Nc3 Nf6 3. Nf3 Nc6 4. g3 Bb4 5. Nd5 e4 6. Nh4 0-0 7. Bg2 Re8 8. a3 Bc5 9. 0-0 d6 10. d3 h6 11. Nxf6+ Qxf6 12. Bxe4 Bg4 13. Ra2 a5 14. b3 Nd4 15. Be3 c6 16. Bxd4 Qxd4 17. Bf3 Bh3 18. e3 Qc3 19. Bg2 Bxg2 20. Kxg2 Qf6 21. d4 Bb6 22. Qf3 Qxf3+ 23. Kxf3 g6 24. g4 Kg7 25. Ng2 f5 26. gxf5 Rf8 27. Ke2 Rxf5 28. Rg1 Re8 29. Rd2 Kh7 30. h4 Re4 31. f3 Re7 32. Rh1 Bd8 33. e4 Rf8 34. Rh3 Ref7 35. Kf2 h5 36. f4 Re8 37. Re3 Kh6 38. Kg3 Rfe7 39. Kf3 Bb6 40. Ree2 Rf7 41. Kg3 Rfe7 42. Kf3 Rf7 43. Ke3 c5 44. d5 Bd8 45. Kd3 Bf6 46. Rd1 Rfe7 47. Rb1 Ra8 48. a4 Rae8 49. Rf1 Rf7 50. e5 Bg7 51. e6 Rff8 52. Ne3 Bf6 53. Rh2 Bd4 54. f5 Bxe3 55. Kxe3 gxf5 56. Rg2 Rg8 57. Rxg8 Rxg8 58. Rxf5 Rg1 59. Rf6+ Kg7 60. Rf7+ Kg6 61. Rxb7 Kf6 62. Rf7+ Kg6 63. Rd7 1-0

[Event "Reykjavik op"]
[Site "Reykjavik"]
[Date "2024.03.15"]
[Round "1"]
[White "Larson, Gerald A"]
[Black "Kistrup, Nicolai"]
[Result "0-1"]
[WhiteElo "1987"]
[BlackElo "2324"]
[PlyCount "116"]
[EventDate "2024.03.15"]
[EventType "swiss"]
[EventRounds "9"]
[EventCountry "ISL"]
[SourceTitle "CB13_2024"]
[SourceDate "2024.03.27"]
[SourceVersion "1"]
[SourceVersionDate "2024.03.27"]
[SourceQuality "1"]

1. e4 e5 2. Nf3 Nc6 3. Bb5 a6 4. Bxc6 dxc6 5. 0-0 Bg4 6. h3 h5 7. d3 Qf6 8. Be3 Bxf3 9. Qxf3 Qxf3 10. gxf3 Bd6 11. Nd2 f5 12. exf5 Ne7 13. Ne4 Nxf5 14. f4 exf4 15. Nxd6+ cxd6 16. Bxf4 Kd7 17. Be3 Rae8 18. Rae1 Nh4 19. f4 Rhf8 20. Bd2 Rxe1 21. Bxe1 Nf5 22. Bd2 Rf6 23. Rf2 Nh4 24. Kh2 Ke6 25. Kg3 Nf5+ 26. Kh2 Kf7 27. c3 d5 28. Re2 Re6 29. Rxe6 Kxe6 30. Kg2 Nh4+ 31. Kg3 Ng6 32. Be3 Kf5 33. Kf3 Nf8 34. a4 Ne6 35. b4 b5 36. axb5 axb5 37. Bd2 c5 38. bxc5 Nxc5 39. Ke3 Nb7 40. Kf3 Nc5 41. Ke3 Ne6 42. Kf3 g6 43. d4 Ng7 44. Bc1 Ne8 45. Ba3 Nf6 46. Be7 Ne4 47. Bb4 Kf6 48. Ba5 Ke6 49. Bb4 Kf5 50. Ba5 Nd2+ 51. Kg3 Ke4 52. Bc7 Ke3 53. Kh4 Ne4 54. Be5 Nxc3 55. Kg5 b4 56. f5 gxf5 57. Bf4+ Ke4 58. Bd2 Na2 0-1

[Event "DEN-chT 2324 61st"]
[Site "Denmark"]
[Date "2024.01.27"]
[Round "5.3"]
[White "Kistrup, Nicolai"]
[Black "Matthiesen, Martin"]
[Result "0-1"]
[WhiteElo "2387"]
[BlackElo "2282"]
[PlyCount "46"]
[EventDate "2023.10.28"]
[EventType "team-tourn"]
[EventRounds "9"]
[EventCountry "DEN"]
[SourceTitle "CB11_2024"]
[SourceDate "2024.03.13"]
[SourceVersion "1"]
[SourceVersionDate "2024.03.13"]
[SourceQuality "1"]
[WhiteTeam "BMS"]
[BlackTeam "Copenhagen 68"]
[WhiteTeamCountry "DEN"]
[BlackTeamCountry "DEN"]

1. d4 Nf6 2. c4 e6 3. Nc3 d5 4. Bg5 Be7 5. Nf3 0-0 6. e3 h6 7. Bxf6 Bxf6 8. Qc2 c5 9. dxc5 Qa5 10. Nd2 Qxc5 11. Nb3 Qb4 12. cxd5 exd5 13. 0-0-0 Bg4 14. Rxd5 Rc8 15. Nd4 Nc6 16. Rb5 Qe7 17. Nxc6 Rxc6 18. Kb1 Rac8 19. Be2 Rxc3 20. bxc3 Rxc3 21. Qxc3 Bxc3 22. Bxg4 Qe4+ 23. Kc1 Qxg4 0-1

[Event "Malmo op"]
[Site "Malmo"]
[Date "2023.12.15"]
[Round "4"]
[White "Kistrup, Nicolai"]
[Black "Nilsson, Anders"]
[Result "1-0"]
[WhiteElo "2337"]
[BlackElo "2186"]
[PlyCount "51"]
[EventDate "2023.12.15"]
[EventType "swiss"]
[EventRounds "8"]
[EventCountry "SWE"]
[SourceTitle "CB51_2023"]
[SourceDate "2023.12.20"]
[SourceVersion "1"]
[SourceVersionDate "2023.12.20"]
[SourceQuality "1"]

1. d4 d5 2. c4 e6 3. Nf3 Nf6 4. g3 Bb4+ 5. Nbd2 0-0 6. Bg2 Re8 7. 0-0 Nbd7 8. Qc2 c6 9. e4 dxe4 10. Nxe4 Nxe4 11. Qxe4 c5 12. a3 Ba5 13. Rd1 Qf6 14. Bg5 Qg6 15. Qxg6 hxg6 16. dxc5 Bc7 17. b4 a5 18. Nd4 Be5 19. Be3 Bf6 20. c6 bxc6 21. Bxc6 Rb8 22. Rab1 Rf8 23. Nxe6 fxe6 24. Bxd7 axb4 25. axb4 Bc3 26. b5 1-0

[Event "Sant Boi de Llobregat op 4th"]
[Site "Sant Boi de Llobregat"]
[Date "2023.12.07"]
[Round "8"]
[White "Fernandez Guillen, Ernesto J"]
[Black "Kistrup, Nicolai"]
[Result "1-0"]
[WhiteElo "2462"]
[BlackElo "2337"]
[PlyCount "43"]
[EventDate "2023.11.30"]
[EventType "swiss"]
[EventRounds "9"]
[EventCountry "ESP"]
[SourceTitle "CB50_2023"]
[SourceDate "2023.12.13"]
[SourceVersion "1"]
[SourceVersionDate "2023.12.13"]
[SourceQuality "1"]

1. e4 e5 2. f4 exf4 3. Bc4 g5 4. Nc3 Nc6 5. h4 g4 6. d3 Bh6 7. Nd5 Na5 8. Qd2 Nxc4 9. Qc3 f6 10. Qxc4 c6 11. Nxf4 Ne7 12. Nge2 Bxf4 13. Bxf4 d5 14. Qc3 dxe4 15. dxe4 Ng6 16. Rd1 Qe7 17. Bd6 Qf7 18. 0-0 f5 19. exf5 Bxf5 20. Ng3 0-0-0 21. Nxf5 Qe6 22. Qa5 1-0

[Event "Figueira da Foz op 17th"]
[Site "Figueira da Foz"]
[Date "2023.11.07"]
[Round "4"]
[White "Safarli, Eltaj"]
[Black "Kistrup, Nicolai"]
[Result "1-0"]
[WhiteElo "2610"]
[BlackElo "2330"]
[PlyCount "93"]
[EventDate "2023.11.05"]
[EventType "swiss"]
[EventRounds "9"]
[EventCountry "POR"]
[SourceTitle "CB46_2023"]
[SourceDate "2023.11.15"]
[SourceVersion "1"]
[SourceVersionDate "2023.11.15"]
[SourceQuality "1"]

1. e4 e5 2. Nf3 Nc6 3. Bb5 a6 4. Ba4 Nf6 5. Nc3 b5 6. Bb3 Bc5 7. d3 d6 8. Nd5 h6 9. c3 Be6 10. Nxf6+ Qxf6 11. 0-0 Bxb3 12. axb3 0-0 13. b4 Bb6 14. Be3 Rfb8 15. Bxb6 Rxb6 16. g3 a5 17. Nh4 a4 18. f4 Rf8 19. Ng2 Ne7 20. Qe2 Kh7 21. Rf2 g6 22. Raf1 Qg7 23. Ne3 Rbb8 24. f5 gxf5 25. Nxf5 Nxf5 26. Rxf5 f6 27. Qf3 Ra8 28. Rxf6 Rxf6 29. Qxf6 Qxf6 30. Rxf6 Kg7 31. Re6 Ra7 32. Kf2 h5 33. Re7+ Kf6 34. Rd7 Kg6 35. Kf3 Kf6 36. h4 Kg6 37. g4 hxg4+ 38. Kxg4 Rb7 39. h5+ Kh6 40. Rf7 Ra7 41. Rf6+ Kh7 42. Kg5 c5 43. Rxd6 cxb4 44. cxb4 Rf7 45. Rd5 Rf2 46. Rxe5 Rxb2 47. Rxb5 1-0

[Event "Gothenburg Kvibergspelen"]
[Site "Gothenburg"]
[Date "2023.09.15"]
[Round "3"]
[White "Kistrup, Nicolai"]
[Black "Anderzen, Robert"]
[Result "1-0"]
[WhiteElo "2359"]
[BlackElo "2112"]
[PlyCount "67"]
[EventDate "2023.09.15"]
[EventType "swiss"]
[EventRounds "8"]
[EventCountry "SWE"]
[SourceTitle "EXT 2024"]
[Source "ChessBase"]
[SourceDate "2023.10.10"]
[SourceVersion "1"]
[SourceVersionDate "2023.10.10"]
[SourceQuality "1"]

1. d4 Nf6 2. c4 e6 3. Nf3 Bb4+ 4. Nbd2 d5 5. Qa4+ Nc6 6. Ne5 Bd7 7. Nxc6 Bxd2+ 8. Bxd2 Bxc6 9. Qc2 dxc4 10. Qxc4 0-0 11. f3 Qd5 12. e4 Qxc4 13. Bxc4 Rfd8 14. Be3 a6 15. g4 Nd7 16. Rc1 Nb6 17. Bb3 Rac8 18. a3 Bb5 19. Kf2 a5 20. Rc5 c6 21. Rhc1 a4 22. Ba2 Nd7 23. R5c3 Ra8 24. h4 c5 25. dxc5 Ne5 26. Bb1 Bd3 27. Rd1 Bxb1 28. Rxb1 Rd7 29. Ke2 Rad8 30. Bf4 Nd3 31. Bd6 b6 32. Rxd3 bxc5 33. Rbd1 c4 34. R3d2 1-0

[Event "Gothenburg Kvibergspelen"]
[Site "Gothenburg"]
[Date "2023.09.15"]
[Round "1"]
[White "Kistrup, Nicolai"]
[Black "Gustavsson, Andreas"]
[Result "1-0"]
[WhiteElo "2359"]
[BlackElo "1821"]
[PlyCount "105"]
[EventDate "2023.09.15"]
[EventType "swiss"]
[EventRounds "8"]
[EventCountry "SWE"]
[SourceTitle "EXT 2024"]
[Source "ChessBase"]
[SourceDate "2023.10.10"]
[SourceVersion "1"]
[SourceVersionDate "2023.10.10"]
[SourceQuality "1"]

1. d4 Nf6 2. c4 e6 3. Nf3 b6 4. g3 Bb7 5. Bg2 Bb4+ 6. Bd2 Qe7 7. 0-0 0-0 8. Bf4 d5 9. Ne5 c6 10. Nc3 Nbd7 11. Nxd7 Nxd7 12. Qb3 Nf6 13. a3 Bd6 14. Bxd6 Qxd6 15. c5 Qc7 16. cxb6 Qxb6 17. Qd1 Rac8 18. Na4 Qc7 19. Qd3 Nd7 20. Rfc1 Qb8 21. b4 f5 22. Nc5 Nxc5 23. Rxc5 Qd6 24. Rac1 f4 25. e4 Qe7 26. Re1 Qg5 27. exd5 exd5 28. Re5 Qf6 29. Bh3 Rce8 30. Qe2 Rxe5 31. Qxe5 Qxe5 32. dxe5 fxg3 33. hxg3 Re8 34. f4 Kf7 35. Bd7 Rd8 36. Bxc6 Bxc6 37. Rxc6 d4 38. Kf2 Ke7 39. Ke2 Rd7 40. Kd3 g6 41. b5 g5 42. Rh6 Kd8 43. Rd6 Rxd6 44. exd6 gxf4 45. gxf4 Kd7 46. Kxd4 Kxd6 47. a4 h5 48. Ke4 h4 49. Kf3 Kc5 50. Kg4 Kb4 51. f5 Kxa4 52. f6 Kxb5 53. f7 1-0

[Event "Fredericia"]
[Site "Fredericia"]
[Date "2023.05.19"]
[Round "5"]
[White "Toktomushev, Teimur"]
[Black "Kistrup, Nicolai"]
[Result "1/2-1/2"]
[WhiteElo "2239"]
[BlackElo "2319"]
[PlyCount "65"]
[EventDate "2023.05.17"]
[EventType "tourn"]
[EventRounds "9"]
[EventCountry "DEN"]
[EventCategory "3"]
[SourceTitle "CBM 214 Extra"]
[Source "ChessBase"]
[SourceDate "2023.07.31"]
[SourceVersion "1"]
[SourceVersionDate "2023.07.31"]
[SourceQuality "1"]

1. d4 Nf6 2. c4 e6 3. Nf3 d5 4. Nc3 c5 5. cxd5 Nxd5 6. e4 Nxc3 7. bxc3 cxd4 8. cxd4 Bb4+ 9. Bd2 Bxd2+ 10. Qxd2 0-0 11. Bc4 Nd7 12. 0-0 b6 13. Rfe1 Bb7 14. Rad1 Nf6 15. d5 exd5 16. exd5 Qd6 17. Nd4 g6 18. Nb5 Qc5 19. Qd4 Qxd4 20. Rxd4 Rfe8 21. Red1 Re4 22. f3 Rxd4 23. Rxd4 Rd8 24. Nxa7 Nxd5 25. Bxd5 Rxd5 26. Rxd5 Bxd5 27. a3 Bb7 28. Kf2 Kf8 29. Ke3 Ke7 30. Kd4 Kd7 31. Nb5 f6 32. Nc3 Kd6 33. Nb5+ 1/2-1/2